| 000 | 00000nam 2200000za 4500 |
| 001 | 9.700113 |
| 003 | CaOODSP |
| 005 | 20221107134534 |
| 007 | cr ||||||||||| |
| 008 | 150407s2012 onca #o f000 0 eng d |
| 040 | |aCaOODSP|beng |
| 043 | |an-cn--- |
| 086 | 1 |aR5-22/2012E-PDF |
| 110 | 1 |aCanada. |bIndian and Northern Affairs Canada. |
| 245 | 10|aEvaluation of the Family Violence Prevention Program |h[electronic resource] : |bfinal report / |cEvaluation, Performance Measurement, and Review Branch. |
| 260 | |a[Ottawa] : |bIndian and Northern Affairs, |c2012. |
| 300 | |a53 p. : |bgraphs, tables |
| 500 | |a"February 2012." |
| 500 | |aIssued also in French under title: Évaluation du Programme pour la prévention de la violence familiale. |
| 580 | |aComplemented by: Action plan implementation status update, report to the Evaluation, Performance Measurement and Review Committee as of ... : Evaluation of the Family Violence Prevention Program. |
| 590 | |a15-02-Supp|b2015-02-16 |
| 690 | 07|aFamily violence|2gcpds |
| 690 | 07|aIndigenous peoples|2gcpds |
| 690 | 07|aProgram review|2gcpds |
| 775 | 08|tÉvaluation du Programme pour la prévention de la violence familiale |w(CaOODSP)9.644075 |
| 787 | 1 |oR12-51E-PDF|tAction plan implementation status update, report to the Evaluation, Performance Measurement and Review Committee as of ... : Evaluation of the Family Violence Prevention Program|w9.807766 |
| 856 | 40|ahttp://publications.gc.ca|qPDF|s259 KB|uhttps://publications.gc.ca/collections/collection_2014/aadnc-aandc/R5-22-2012-eng.pdf |
| 986 | |aProject number : 1570-71/10024 |